Southville International School and Colleges
Your cart is empty.
  • Cart
  • Lists
    Public lists Eva Luna New books Lux_list list_1
    Your lists Log in to create your own lists
  • Log in to your account
  • Your cookies
  • Search history
Southville International School and Colleges
  • Advanced search
  • Recent comments
  • Most popular
  • Libraries

Log in to your account

Log in with GOOGLE


If you do not have an external account, but do have a local account, you can still log in:

  1. Home
  2. MARC view: Focus on personal finance :
Normal view MARC view ISBD view

Focus on personal finance : (Record no. 23334)

[ view plain ]
MARC details
000 -LEADER
fixed length control field 00710nam a2200241 a 4500
005 - DATE AND TIME OF LATEST TRANSACTION
control field 20140310183449.0
008 - FIXED-LENGTH DATA ELEMENTS--GENERAL INFORMATION
fixed length control field 081223s19uu xx 00 eng d
020 ## - INTERNATIONAL STANDARD BOOK NUMBER
International Standard Book Number 9780073530635
050 ## - LIBRARY OF CONGRESS CALL NUMBER
Classification number HG 179
Item number .K368 2008
100 ## - MAIN ENTRY--PERSONAL NAME
Personal name Kapoor, Jack R.
245 ## - TITLE STATEMENT
Title Focus on personal finance :
Remainder of title an active approach to help you develop successful financial skills /
Statement of responsibility, etc Jack R. Kapoor
250 ## - EDITION STATEMENT
Edition statement 2nd ed.
260 ## - PUBLICATION, DISTRIBUTION, ETC. (IMPRINT)
Place of publication, distribution, etc Boston :
Name of publisher, distributor, etc McGraw-Hill Irwin,
Date of publication, distribution, etc 2008.
300 ## - PHYSICAL DESCRIPTION
Extent 504 p. :
Other physical details col. ill. ;
Dimensions 28 cm.
521 ## - TARGET AUDIENCE NOTE
Target audience note
650 ## - SUBJECT ADDED ENTRY--TOPICAL TERM
Topical term or geographic name as entry element BSBA.
650 ## - SUBJECT ADDED ENTRY--TOPICAL TERM
Topical term or geographic name as entry element Finance, Personal.
650 ## - SUBJECT ADDED ENTRY--TOPICAL TERM
Topical term or geographic name as entry element Investments.
700 ## - ADDED ENTRY--PERSONAL NAME
Personal name Dlabay, Les R.
700 ## - ADDED ENTRY--PERSONAL NAME
Personal name Hughes, Robert J.
942 ## - ADDED ENTRY ELEMENTS (KOHA)
Koha item type Books
Source of classification or shelving scheme Library of Congress Classification
Call number prefix Foreign
Holdings
Withdrawn status Lost status Source of classification or shelving scheme Damaged status Home library Current library Shelving location Date acquired Source of acquisition Total Checkouts Total Renewals Full call number Barcode Date last seen Date checked out Copy number Price effective from Koha item type
    Library of Congress Classification   College Library College Library General Circulation Section 12/23/2008 Donation 3 51 HG 179 .K368 2008 C10000 05/15/2018 07/13/2017 1 10/18/2013 Books

Focus on personal finance :

APA

Kapoor J. R., Dlabay L. R. & Hughes R. J. (2008). Focus on personal finance. Boston: McGraw-Hill Irwin.

Chicago

Kapoor Jack R, Dlabay Les R and Hughes Robert J. 2008. Focus on personal finance. Boston: McGraw-Hill Irwin.

Harvard

Kapoor J. R., Dlabay L. R. and Hughes R. J. (2008). Focus on personal finance. Boston: McGraw-Hill Irwin.

MLA

Kapoor Jack R, Dlabay Les R and Hughes Robert J. Focus on personal finance. Boston: McGraw-Hill Irwin. 2008.

  • Place hold
  • Print
  • Cite
  • Add to your cart (remove)
  • Save record
    BIBTEX Dublin Core MARCXML MARC (non-Unicode/MARC-8) MARC (Unicode/UTF-8) MARC (Unicode/UTF-8, Standard) MODS (XML) RIS
  • More searches
    Search for this title in:
    Other Libraries (WorldCat) Other Databases (Google Scholar) Online Stores (Bookfinder.com) Open Library (openlibrary.org)

Exporting to Dublin Core...

SOUTHVILLE LIBRARY

Southville International School and Colleges Library

1281 Tropical Ave. Cor. Luxembourg St., BF Homes International, Las Pinas City

Tel. No. 8256374 / 252358 Loc. 117/146

Powered by Koha